Inter-agency guiding principles on unaccompanied and separated children / (Record no. 3232)
[ view plain ]
| 000 -LEADER | |
|---|---|
| fixed length control field | 02859cam a2200385 a 4500 |
| 001 - CONTROL NUMBER | |
| control field | ocm62701478 |
| 003 - CONTROL NUMBER IDENTIFIER | |
| control field | TZ-ArACH |
| 005 - DATE AND TIME OF LATEST TRANSACTION | |
| control field | 20160122131527.0 |
| 008 - FIXED-LENGTH DATA ELEMENTS--GENERAL INFORMATION | |
| fixed length control field | 070201s2004 sz a b i000 0 eng |
| 010 ## - LIBRARY OF CONGRESS CONTROL NUMBER | |
| LC control number | 2007366328 |
| 035 ## - SYSTEM CONTROL NUMBER | |
| System control number | (OCoLC)62701478 |
| 040 ## - CATALOGING SOURCE | |
| Original cataloging agency | DLC |
| Language of cataloging | eng |
| Transcribing agency | TZ-ArACH |
| Modifying agency | BTCTA |
| -- | OCLCQ |
| -- | CFT |
| -- | OCLCQ |
| 041 ## - LANGUAGE CODE | |
| Language code of text/sound track or separate title | Eng |
| 049 ## - LOCAL HOLDINGS (OCLC) | |
| Holding library | TZAA |
| 050 00 - LIBRARY OF CONGRESS CALL NUMBER | |
| Classification number | HV553 |
| Item number | .I54 |
| 082 00 - DEWEY DECIMAL CLASSIFICATION NUMBER | |
| Classification number | 362.7 |
| Edition number | 22 |
| 245 00 - TITLE STATEMENT | |
| Title | Inter-agency guiding principles on unaccompanied and separated children / |
| Statement of responsibility, etc | [International Committee of the Red Cross (ICRC) and others]. |
| 260 ## - PUBLICATION, DISTRIBUTION, ETC. (IMPRINT) | |
| Place of publication, distribution, etc | Geneva : |
| Name of publisher, distributor, etc | International Committee of the Red Cross, Central Training Agency and Protection Division, |
| Date of publication, distribution, etc | [2004] |
| 300 ## - PHYSICAL DESCRIPTION | |
| Extent | 71 pages : |
| Other physical details | illustrations ; |
| Dimensions | 23 cm |
| 500 ## - GENERAL NOTE | |
| General note | "January 2004." |
| 504 ## - BIBLIOGRAPHY, ETC. NOTE | |
| Bibliography, etc | Includes bibliographical references (pages 70-71). |
| 505 0# - FORMATTED CONTENTS NOTE | |
| Formatted contents note | Introduction -- 1. A comprehensive approach -- 2. Preserving family unity -- a) Preventing separation -- b) Evacuation -- c) Legal identity and birth registration -- 3. Tracing and family reunification -- a) Assessment -- b) Identification, registration and documentation -- c) Tracing -- d) Verification and family reunification -- e) Follow-up of placement and reunification -- f) Confidentiality -- 4. Care arrangements -- a) Emergency care and assistance -- b) Community-based care -- c) Fostering 44 -- d) Institutional care 46 -- e) Guardianship 47 -- f) Health care and nutrition _______ 48 -- g) Education 49 -- h) Psycho-social aspects 50 -- i) Child-headed households -- 5. Durable arrangements -- a) Alternative long-term placement -- b) In-country and inter-country adoption -- 6. Special issues related to refugee children -- a) Refugee status determination -- b) Rejected asylum-seekers -- c) Children living in families from the host/asylum country -- d) Durable long-term solutions -- 7. Promoting children's rights -- a) Advocacy -- b) Capacity-building -- Key international instruments relating to unaccompanied and -- separated children -- Selected reference material. |
| 650 #0 - SUBJECT ADDED ENTRY--TOPICAL TERM | |
| Topical term or geographic name as entry element | Child disaster victims |
| General subdivision | Services for. |
| 9 (RLIN) | 18018 |
| 650 #0 - SUBJECT ADDED ENTRY--TOPICAL TERM | |
| Topical term or geographic name as entry element | Refugee children |
| General subdivision | Services for. |
| 9 (RLIN) | 18019 |
| 650 #0 - SUBJECT ADDED ENTRY--TOPICAL TERM | |
| Topical term or geographic name as entry element | Child disaster victims |
| General subdivision | Family relationships. |
| 9 (RLIN) | 18020 |
| 650 #0 - SUBJECT ADDED ENTRY--TOPICAL TERM | |
| Topical term or geographic name as entry element | Refugee children |
| General subdivision | Family relationships. |
| 9 (RLIN) | 18021 |
| 650 #0 - SUBJECT ADDED ENTRY--TOPICAL TERM | |
| Topical term or geographic name as entry element | Child welfare. |
| 9 (RLIN) | 18022 |
| 650 #0 - SUBJECT ADDED ENTRY--TOPICAL TERM | |
| Topical term or geographic name as entry element | Children's rights. |
| 9 (RLIN) | 18023 |
| 653 ## - INDEX TERM--UNCONTROLLED | |
| Uncontrolled term | Donation from ICRC |
| 710 2# - ADDED ENTRY--CORPORATE NAME | |
| Corporate name or jurisdiction name as entry element | International Committee of the Red Cross. |
| 9 (RLIN) | 18024 |
| 710 2# - ADDED ENTRY--CORPORATE NAME | |
| Corporate name or jurisdiction name as entry element | International Committee of the Red Cross. |
| Subordinate unit | Central Tracing Agency and Protection Division. |
| 9 (RLIN) | 18025 |
| 856 41 - ELECTRONIC LOCATION AND ACCESS | |
| Materials specified | Table of contents |
| Uniform Resource Identifier | <a href="http://catdir.loc.gov/catdir/toc/fy0707/2007366328.html">http://catdir.loc.gov/catdir/toc/fy0707/2007366328.html</a> |
| 942 ## - ADDED ENTRY ELEMENTS (KOHA) | |
| Source of classification or shelving scheme | Library of Congress Classification |
| Koha item type | Books |
| Home library | Current library | Shelving location | Date acquired | Full call number | Barcode | Koha item type |
|---|---|---|---|---|---|---|
| African Court on Human and Peoples' Rights Library | African Court on Human and Peoples' Rights Library | 22/01/2016 | HV553 .I54 (ICRC Collection) | 10231528 | Books |
